Fetale Verhaltenszustände und kontrollierte externe akustische und lichtoptische Stimulation des menschlichen Feten am Geburtstermin

Saved in:
Bibliographic Details
Main Author: Gnirs, Joachim (Author)
Format: Book/Monograph Thesis
Language:German
Published: 1989
Subjects:
Online Access: Get full text
Author Notes:vorgelegt von Joachim Gnirs

MARC

LEADER 00000cam a2200000 c 4500
001 1650802455
003 DE-627
005 20240510193446.0
007 tu
008 900529s1989 xx ||||| m 00| ||ger c
015 |a 90,H03,1414  |2 dnb 
016 7 |a 900346701  |2 DE-101 
035 |a (DE-627)1650802455 
035 |a (DE-576)020571836 
035 |a (DE-599)DNB900346701 
035 |a (OCoLC)75133641 
040 |a DE-627  |b ger  |c DE-627  |e rakwb 
041 |a ger 
084 |a 33  |2 sdnb 
100 1 |a Gnirs, Joachim  |0 (DE-588)1141408066  |0 (DE-627)1000312658  |0 (DE-576)166566152  |4 aut 
245 1 0 |a Fetale Verhaltenszustände und kontrollierte externe akustische und lichtoptische Stimulation des menschlichen Feten am Geburtstermin  |c vorgelegt von Joachim Gnirs 
264 1 |c 1989 
300 |a 169 Bl.  |b Ill., graph. Darst. 
336 |a Text  |b txt  |2 rdacontent 
337 |a ohne Hilfsmittel zu benutzen  |b n  |2 rdamedia 
338 |a Band  |b nc  |2 rdacarrier 
502 |a Heidelberg, Univ., Diss., 1989 (Nicht f.d. Austausch) 
583 1 |a Archivierung prüfen  |c 20200919  |f DE-640  |z 1  |2 pdager 
583 1 |a Archivierung/Langzeitarchivierung gewährleistet  |f DISS  |x XA-DE-BW  |2 pdager  |5 DE-16 
655 7 |a Hochschulschrift  |0 (DE-588)4113937-9  |0 (DE-627)105825778  |0 (DE-576)209480580  |2 gnd-content 
751 |a Heidelberg  |0 (DE-588)4023996-2  |0 (DE-627)106300814  |0 (DE-576)208952578  |4 uvp 
951 |a BO 
992 |a 20171013 
993 |a Thesis 
994 |a 1989 
998 |g 1141408066  |a Gnirs, Joachim  |m 1141408066:Gnirs, Joachim  |d 50000  |d 51001  |e 50000PG1141408066  |e 51001PG1141408066  |k 0/50000/  |k 1/50000/51001/  |p 1  |x j  |y j 
999 |a KXP-PPN1650802455  |e 3338902204 
BIB |a Y 
JSO |a {"language":["ger"],"recId":"1650802455","physDesc":[{"noteIll":"Ill., graph. Darst.","extent":"169 Bl."}],"type":{"bibl":"thesis"},"noteThesis":["Heidelberg, Univ., Diss., 1989 (Nicht f.d. Austausch)"],"person":[{"display":"Gnirs, Joachim","role":"aut","family":"Gnirs","given":"Joachim"}],"name":{"displayForm":["vorgelegt von Joachim Gnirs"]},"id":{"eki":["1650802455"]},"origin":[{"dateIssuedKey":"1989","dateIssuedDisp":"1989"}],"title":[{"title":"Fetale Verhaltenszustände und kontrollierte externe akustische und lichtoptische Stimulation des menschlichen Feten am Geburtstermin","title_sort":"Fetale Verhaltenszustände und kontrollierte externe akustische und lichtoptische Stimulation des menschlichen Feten am Geburtstermin"}]} 
SRT |a GNIRSJOACHFETALEVERH1989